000 01046nam a2200289Ia 4500
003 OSt
005 20220930092709.0
006 a|||||r|||| 00| 0
007 ta
008 220926b |||||||| |||| 00| 0 eng d
024 _a23884
037 _cTheses
040 _aCRL
_cCRL
_beng
041 _2eng
_aeng
100 _aHarveen Kaur
_9549503
110 _aUniversity OF Delhi. Faculty OF Medical Sciences. Department OF Obstetrics and Gynaecology
245 0 _aEvaluation of congenital malformed fetuses with ultrasound and fetus autopsy
260 _c2015
650 _aWOMEN - DISEASES
700 _a Dr. J. M. Kaul Gu.
_9532636
700 _a Dr. Sangeeta Gupta Gu.
700 _a Dr. Usha Manaktala Gu.
_9536222
700 _a Dr. Vineeta V. Batra Gu.
_9542275
700 _aUniversity OF Delhi. Faculty OF Medical Sciences. Department OF Obstetrics and Gynaecology
942 _cDIS
_2CC
999 _c884169
_d884169